Normal view
MARC view
Entry Corporate Name
001 - CONTROL NUMBER
- control field: 8872
003 - CONTROL NUMBER IDENTIFIER
- control field: AM-YEHGA
005 - DATE AND TIME OF LATEST TRANSACTION
- control field: 20250618063806.0
008 - FIXED-LENGTH DATA ELEMENTS
- fixed length control field: 200201|a|ac|nnaabn fb ana ||
040 ## - CATALOGING SOURCE
- Original cataloging agency: AM-YEHGA
110 2# - HEADING--CORPORATE NAME
- Corporate name or jurisdiction name as entry element: ՀՀ գիտությունների ազգային ակադեմիա :
- Subordinate unit: Հնագիտության և ազգագրության ինստիտուտ :
- Subordinate unit: Սփյուռքի հետազոտությունների բաժին.
510 1# - SEE ALSO FROM TRACING--CORPORATE NAME
- Control subfield: r
- Relationship information: Մաս է կազմում՝
- Corporate name or jurisdiction name as entry element: ՀՀ գիտությունների ազգային ակադեմիա :
- Subordinate unit: Հնագիտության և ազգագրության ինստիտուտ
ՀՀ Գիտությունների ազգային ակադեմիայի հիմնարար գիտական գրադարան = Fundamental Scientific Library of NAS RA
All site content, except where otherwise noted, is licensed under a